[Event "NCA-chT final"]
[Site "Managua"]
[Date "2017.10.29"]
[Round "6.2"]
[White "Robleto, Oscar"]
[Black "Espinoza, Felix"]
[Result "1/2-1/2"]
[WhiteElo "2090"]
[BlackElo "2177"]
[PlyCount "41"]
[EventDate "2017.10.21"]
[EventType "team-tourn"]
[EventRounds "9"]
[EventCountry "NCA"]
[SourceTitle "CBM 181 Extra"]
[Source "ChessBase"]
[SourceDate "2017.12.12"]
[SourceVersion "1"]
[SourceVersionDate "2017.12.12"]
[SourceQuality "1"]

1. e4 c5 2. Nc3 Nc6 3. g3 g6 4. Bg2 Bg7 5. d3 e6 6. Be3 Nd4 7. Qd2 Ne7 8. Nce2 d5 9. c3 Nxe2 10. Nxe2 d4 11. cxd4 cxd4 12. Bh6 Bxh6 13. Qxh6 Qa5+ 14. Qd2 Qxd2+ 15. Kxd2 e5 16. f4 f6 17. h4 h5 18. Bh3 Bxh3 19. Rxh3 Ng8 20. Rc1 Rh7 21. Ng1 1/2-1/2

[Event "NCA-chT final"]
[Site "Managua"]
[Date "2017.10.27"]
[Round "4.2"]
[White "Robleto, Oscar"]
[Black "Flores, Manuel"]
[Result "1-0"]
[WhiteElo "2090"]
[BlackElo "1993"]
[PlyCount "90"]
[EventDate "2017.10.21"]
[EventType "team-tourn"]
[EventRounds "9"]
[EventCountry "NCA"]
[SourceTitle "CBM 181 Extra"]
[Source "ChessBase"]
[SourceDate "2017.12.12"]
[SourceVersion "1"]
[SourceVersionDate "2017.12.12"]
[SourceQuality "1"]

1. e4 c5 2. Nc3 Nc6 3. g3 g6 4. Bg2 Bg7 5. d3 d6 6. Be3 e5 7. Qd2 Be6 8. f4 Nge7 9. Nf3 Nd4 10. Ng5 Qd7 11. 0-0 exf4 12. Rxf4 0-0 13. Raf1 f6 14. Nxe6 Qxe6 15. R4f2 Rab8 16. a3 b5 17. Bxd4 cxd4 18. Ne2 Qe5 19. Bh3 d5 20. Nf4 dxe4 21. dxe4 Rb6 22. Bg2 Rc8 23. Ne2 f5 24. c3 fxe4 25. Qxd4 Qxd4 26. Nxd4 Rd8 27. Nc2 Re6 28. Re1 Nd5 29. Rxe4 Rxe4 30. Bxe4 Nf6 31. Bf3 Bh6 32. Re2 Rd1+ 33. Kg2 Rb1 34. Nd4 Bc1 35. Nxb5 a6 36. Nc7 Bxb2 37. Nd5 Nxd5 38. Bxd5+ Kg7 39. Be4 Rc1 40. Rxb2 Rxc3 41. a4 Rc4 42. Bc2 Kf6 43. a5 Rc5 44. Ra2 Ke6 45. Kf3 Rc6 1-0

[Event "Managua Sub zt 2.3"]
[Site "Managua"]
[Date "2014.05.01"]
[Round "6"]
[White "Medina Viana, Ricardo"]
[Black "Robleto, Oscar"]
[Result "1/2-1/2"]
[WhiteElo "2037"]
[BlackElo "2108"]
[PlyCount "50"]
[EventDate "2014.04.27"]
[EventType "swiss"]
[EventRounds "9"]
[EventCountry "NCA"]
[SourceTitle "EXT 2015"]
[Source "ChessBase"]
[SourceDate "2014.11.20"]
[SourceVersion "1"]
[SourceVersionDate "2014.11.20"]
[SourceQuality "1"]

1. d4 Nf6 2. e3 d6 3. Bd3 e5 4. dxe5 dxe5 5. Bb5+ Bd7 6. Bxd7+ Qxd7 7. Qxd7+ Nbxd7 8. Nf3 h6 9. b3 Bb4+ 10. c3 Bd6 11. Bb2 Nc5 12. Ke2 e4 13. Nd4 Nd3 14. Ba3 Bxa3 15. Nxa3 0-0-0 16. c4 c5 17. Nf5 g6 18. Ng3 a6 19. Nb1 Ng4 20. Nxe4 f5 21. h3 Nge5 22. Nf6 f4 23. Nd5 Rhf8 24. exf4 Nxf4+ 25. Nxf4 Rxf4 1/2-1/2

[Event "Managua Sub zt 2.3"]
[Site "Managua"]
[Date "2014.05.01"]
[Round "7"]
[White "Robleto, Oscar"]
[Black "Guevara, Martin"]
[Result "1/2-1/2"]
[WhiteElo "2108"]
[BlackElo "2213"]
[PlyCount "110"]
[EventDate "2014.04.27"]
[EventType "swiss"]
[EventRounds "9"]
[EventCountry "NCA"]
[SourceTitle "EXT 2015"]
[Source "ChessBase"]
[SourceDate "2014.11.20"]
[SourceVersion "1"]
[SourceVersionDate "2014.11.20"]
[SourceQuality "1"]

1. e4 c5 2. Nc3 Nc6 3. g3 g6 4. Bg2 Bg7 5. d3 e6 6. Be3 Nd4 7. Qd2 Qa5 8. Nge2 d6 9. Nc1 Ne7 10. 0-0 Nec6 11. Nb3 Qd8 12. Nd1 0-0 13. Nxd4 cxd4 14. Bh6 Qa5 15. c3 Bd7 16. Bxg7 Kxg7 17. Qe2 Rae8 18. f4 f5 19. Qf2 e5 20. cxd4 Nxd4 21. Nc3 Bc6 22. Rac1 Qb6 23. h3 fxe4 24. dxe4 exf4 25. Rcd1 Ne6 26. Qxb6 axb6 27. gxf4 Nxf4 28. Rxd6 Re5 29. Rf2 Rh5 30. Kh2 Nxh3 31. Rxf8 Ng5+ 32. Kg3 Kxf8 33. Nd5 Nf7 34. Re6 Rg5+ 35. Kf2 Re5 36. Rxe5 Nxe5 37. Nxb6 Nd3+ 38. Ke3 Nxb2 39. Kd4 Ke7 40. Bf1 Na4 41. Nxa4 Bxa4 42. Ke5 Bd7 43. Bc4 g5 44. Be2 Be6 45. a3 g4 46. Kf4 h5 47. Kg5 Bf7 48. Kf5 g3 49. Bf1 Bc4 50. Bg2 Be2 51. Kg5 Ke6 52. Kh4 Ke5 53. Kxg3 Bd3 54. Bf3 b6 55. Bxh5 Bxe4 1/2-1/2

[Event "Managua Sub zt 2.3"]
[Site "Managua"]
[Date "2014.04.29"]
[Round "5"]
[White "Robleto, Oscar"]
[Black "Jimenez Martinez, Alexander"]
[Result "1-0"]
[WhiteElo "2108"]
[BlackElo "1774"]
[PlyCount "71"]
[EventDate "2014.04.27"]
[EventType "swiss"]
[EventRounds "9"]
[EventCountry "NCA"]
[SourceTitle "EXT 2015"]
[Source "ChessBase"]
[SourceDate "2014.11.20"]
[SourceVersion "1"]
[SourceVersionDate "2014.11.20"]
[SourceQuality "1"]

1. e4 d6 2. Nc3 g6 3. g3 Bg7 4. Bg2 c5 5. d3 Nc6 6. f4 e6 7. Nf3 Qa5 8. Bd2 Rb8 9. Ne2 Qc7 10. Bc3 e5 11. 0-0 b5 12. fxe5 dxe5 13. Bd2 Nge7 14. Be3 Qd6 15. c3 0-0 16. d4 cxd4 17. cxd4 Bg4 18. d5 Na5 19. Bxa7 Rb7 20. Be3 Nc4 21. Bc1 Rc8 22. h3 Qb6+ 23. Kh1 Bd7 24. Qd3 Rbc7 25. b3 Nd6 26. Be3 Qa5 27. Bd2 Qa3 28. Bc1 Qc5 29. Bb2 Qc2 30. Qxc2 Rxc2 31. Ba3 Rxe2 32. Bxd6 Rcc2 33. Ne1 Rcd2 34. Bxe7 Bh6 35. Bb4 Rb2 36. Bc3 1-0

[Event "Managua Sub zt 2.3"]
[Site "Managua"]
[Date "2014.04.28"]
[Round "3"]
[White "Robleto, Oscar"]
[Black "Mejia, Donaldo"]
[Result "1/2-1/2"]
[WhiteElo "2108"]
[BlackElo "1847"]
[PlyCount "82"]
[EventDate "2014.04.27"]
[EventType "swiss"]
[EventRounds "9"]
[EventCountry "NCA"]
[SourceTitle "EXT 2015"]
[Source "ChessBase"]
[SourceDate "2014.11.20"]
[SourceVersion "1"]
[SourceVersionDate "2014.11.20"]
[SourceQuality "1"]

1. e4 e6 2. Qe2 b6 3. g3 Bb7 4. Bg2 d6 5. Nc3 Nd7 6. f4 Ne7 7. Nf3 g6 8. 0-0 Bg7 9. d3 0-0 10. Bd2 a6 11. Nd1 f5 12. Ng5 Nc5 13. Bc3 h6 14. Bxg7 Kxg7 15. Nh3 d5 16. Nc3 Nd7 17. Rae1 Re8 18. Nf2 fxe4 19. dxe4 d4 20. Nb1 c5 21. c4 e5 22. Nd3 Ng8 23. Nd2 Ngf6 24. h3 Qc7 25. f5 g5 26. Rb1 b5 27. Rfc1 b4 28. a4 Bc6 29. b3 a5 30. Kf2 Qd6 31. Bf3 Nb6 32. Ra1 Nc8 33. Rh1 Ne7 34. g4 Rh8 35. Nf1 Raf8 36. Ng3 Kf7 37. Rh2 Ke8 38. Ke1 Nc8 39. Kd2 Nb6 40. Nb2 Qd7 41. Nd3 Qd6 1/2-1/2